000 00998nam a2200229 i 4500
001 122660
003 ES-MaACL
005 20251114063115.0
007 t|
008 070214m19491950sp r ||||1| spa d
100 1 _aPuig Adam, Pedro,
_d1900-1960
_994247
245 1 0 _aCursos de análisis matématico para ingenieros /
_cPedro Puig Adam.
250 _a1ª. ed.
260 _aMadrid :
_b[s.n.],
_c1949-1950 (
_fNuevas Gráfs.)
300 _a2 t. :
_bil. ;
_c25 cm.
505 8 _aContiene: Tomo I. Curso teórico práctico de cálculo integral aplicado a la física y técnica. Tomo II. Curso teórico práctico de ecuaciones diferenciales aplicado a la física y técnica
650 0 4 _aCálculo integral.
_910672
740 0 _aCurso teórico práctico de cálculo integral aplicado a la física y técnica.
740 0 _aCurso teórico práctico de ecuaciones diferenciales aplicado a la física y técnica.
852 _aES-MaACL
_jD-7136-37
_bR.29872
999 _c122660
_d122660